000 01008nam a2200349 a 4500
001 21504
003 VRT
005 20260303081044.0
008 190503s2003 xr a j 000 1 cze c
020 _a8072375245
035 _aDFT003849
039 9 _a202505070650
_bmsnk162
_c201905031604
_dVLOAD
_c201905031024
_dAUTHORITY
_c201011080913
_dmsnk88
040 _aBIN
_bslo
_cSNK
_eAACR2
041 0 _acze
_heng
044 _axr
_cCZ
100 1 _aDickins, Rosie
245 1 0 _aKreslíme portrét
_bdalší informace na internetu
250 _a1.
260 _aPraha
_bSvojtka & Co.
_c2003
300 _a63 s.
650 0 7 _aportréty
_2SNKPH
650 0 7 _avýtvarné techniky
_2SNKPH
650 0 7 _akresba
_2SNKPH
650 0 7 _aliteratúra pre deti a mládež
_2SNKPH
650 0 7 _akoláže
_2SNKPH
650 0 7 _akarikatúry
_2SNKPH
655 7 _apríručky
_2SNKPH
700 1 _aMcCafferty, Jan
_4aut
700 1 _aBauer, Alois
_4trl
942 _2ddc
_cOLDE
_n0
949 _63870A08477
_abinT G9 122
_bbin8477
999 _c21504
_d21504